000
00296nam a22001217a 4500
020
_a
0-07-043565-0
082
_a
005.133-B MOU'B
100
_a
MOURSUND, DAVID
_9
75714
245
_a
BASIC PROGRAMMING FOR COMPUTER LITRACY
260
_a
NEWYORK
_b
MCGRAW HILL
_c
1977
300
_a
268P
942
_c
BK
999
_c
581107
_d
581107